Concrete rules that are written in stone (Record no. 64301)

MARC details
000 -LEADER
fixed length control field 00914cam a2200217 4500
001 - CONTROL NUMBER
control field ABS62564
008 - FIXED-LENGTH DATA ELEMENTS--GENERAL INFORMATION
fixed length control field 000000n2000 000 0 eng u
035 ## - SYSTEM CONTROL NUMBER
System control number (Sirsi) u107620
100 ## - MAIN ENTRY--PERSONAL NAME
Personal name Thompson, R.
245 ## - TITLE STATEMENT
Title Concrete rules that are written in stone
260 ## - PUBLICATION, DISTRIBUTION, ETC.
Date of publication, distribution, etc. 2000
490 ## - SERIES STATEMENT
Series statement Construction News
Volume/sequential designation (6675) 12-13(2)
520 ## - SUMMARY, ETC.
Summary, etc. Describes the significance of the new "National Structural Concrete Specification", which for the first time sets down national standards for concrete design, construction and contracts. The range of concrete specification and contract forms currently used by construction clients, will be replace with one nationwide standard specification.
590 ## - LOCAL NOTE (RLIN)
Local note ABS
650 ## - SUBJECT ADDED ENTRY--TOPICAL TERM
Topical term or geographic name entry element NATIONAL STRUCTURAL CONCRETE SPECIFICATION
650 ## - SUBJECT ADDED ENTRY--TOPICAL TERM
Topical term or geographic name entry element SPECIFICATIONS
650 ## - SUBJECT ADDED ENTRY--TOPICAL TERM
Topical term or geographic name entry element CONCRETE FRAME
650 ## - SUBJECT ADDED ENTRY--TOPICAL TERM
Topical term or geographic name entry element ICE
690 ## - LOCAL SUBJECT ADDED ENTRY--TOPICAL TERM (OCLC, RLIN)
Topical term or geographic name as entry element BUILT ENVIRONMENT-BUILDING CONTRACT FORMS
942 ## - ADDED ENTRY ELEMENTS (KOHA)
Suppress in OPAC 0
Holdings
Withdrawn status Lost status Source of classification or shelving scheme Damaged status Not for loan Home library Current library Shelving location Date acquired Total Checkouts Full call number Barcode Date last seen Copy number Price effective from Koha item type
    Dewey Decimal Classification     London London Journal article 27/02/2001   ABS62564 107620-1001 06/08/2019 1 06/08/2019 Journal article